Analyzing the distributional impact of reforms
To complement earlier materials issued by The World Bank, practitioners involved in its reform programs focus on issues likely to be encountered in selected reforms or reform packages, noting that different reforms are likely to affect different groups of stakeholders in different ways, and thus cal...
Spremljeno u:
| Format: | Knjiga |
|---|---|
| Jezik: | Undetermined |
| Izdano: |
Washington, D.C
The World Bank
2005
|
| Teme: | |
| Oznake: |
Dodaj oznaku
Bez oznaka, Budi prvi tko označuje ovaj zapis!
|
| Thư viện lưu trữ: | Trung tâm Học liệu Trường Đại học Cần Thơ |
|---|
| LEADER | 01009nam a2200205Ia 4500 | ||
|---|---|---|---|
| 001 | CTU_92172 | ||
| 008 | 210402s9999 xx 000 0 und d | ||
| 020 | |c 40.00 | ||
| 082 | |a 339.4 | ||
| 082 | |b A532/Vol.1 | ||
| 245 | 0 | |a Analyzing the distributional impact of reforms | |
| 245 | 0 | |c edited by Aline Coudouel, Stefano Paternostro | |
| 260 | |a Washington, D.C | ||
| 260 | |b The World Bank | ||
| 260 | |c 2005 | ||
| 520 | |a To complement earlier materials issued by The World Bank, practitioners involved in its reform programs focus on issues likely to be encountered in selected reforms or reform packages, noting that different reforms are likely to affect different groups of stakeholders in different ways, and thus call for tailor-made sets of tools, techniques, and approaches to poverty and social impact analysis | ||
| 650 | |a Poverty,Developing countries | ||
| 650 | |x Developing countries,Economic policy | ||
| 904 | |i Tuyến, H.Mai | ||
| 980 | |a Trung tâm Học liệu Trường Đại học Cần Thơ | ||